000 00515nam a22001937a 4500
005 20260311112432.0
008 260311b |||||||| |||| 00| 0 eng d
020 _a9789350401729
_cRs.1200.00
040 _aLoreto College
041 _aBengali
082 _aF
_bGAN
100 _aGangopadhyay,Sunil
245 _aPurba-Paschim
_cSunil Gangopadhyay
260 _aCalcutta
_bAnanda Publishers
_c2010
300 _a987p.;24cm.
650 _aFiction
850 _aLCBED
942 _cBK
999 _c44283
_d94762